00143nam a22000737a 4500040000800000082001800008100002000026245002300046 cDLC a201.7273bJOR aJordon, Michael aIn the name of God